书目信息 |
| 题名: |
幼儿心理学
|
|
| 作者: | ;华东七省市、四川省幼儿园教师进修教材协编委员会 编 | |
| 分册: | ||
| 出版信息: | 上海 上海教育出版社 1985.12 |
|
| 页数: | 194页 | |
| 开本: | 19cm | |
| 丛书名: | ||
| 单 册: | ||
| 中图分类: | B844.12 | |
| 科图分类: | ||
| 主题词: | 幼儿--儿童心理学--学前教育--师范教育--教材 | |
| 电子资源: | ||
| ISBN: | 978-7-5320-0336-5 | |
| 000 | 00715nam0 22002291 450 | |
| 001 | 0000236458 | |
| 005 | 20130904104845.0 | |
| 010 | @a978-7-5320-0336-5@dCNY1.55 | |
| 100 | @a20111104 fm 0 | |
| 101 | 0 | @achi |
| 102 | @aCN@b310000 | |
| 105 | @ay j 000yy | |
| 106 | @ar | |
| 200 | 1 | @a幼儿心理学@9You Er Xin Li Xue @f华东七省市、四川省幼儿园教师进修教材协编委员会编 |
| 210 | @a上海@c上海教育出版社@d1985.12 | |
| 215 | @a194页@d19cm | |
| 300 | @a幼儿园教师进修教材。 | |
| 606 | 0 | @a幼儿@x儿童心理学@x学前教育@x师范教育@x教材 |
| 690 | @aB844.12@v3 | |
| 711 | 02 | @a华东七省市、四川省幼儿园教师进修教材协编委员会@4编 |
| 801 | 0 | @aCN@bAzMarc@c20130904 |
| 905 | @aBZT@dB844.12@e11@f7@sB844.12/11 | |
| 幼儿心理学/华东七省市、四川省幼儿园教师进修教材协编委员会编.-上海:上海教育出版社,1985.12 |
| 194页;19cm |
| 幼儿园教师进修教材。 |
| ISBN 978-7-5320-0336-5:CNY1.55 |
| ● |
| 相关链接 |
|
|
|
正题名:幼儿心理学
索取号:B844.12/11
 
预约/预借
| 序号 | 登录号 | 条形码 | 馆藏地/架位号 | 状态 | 备注 |
| 1 | 2000109854 | 2000109854 | 旧书回溯/ [索取号:B844.12/11] | 在馆 | |
| 2 | 2000109855 | 2000109855 | 旧书回溯/ [索取号:B844.12/11] | 在馆 | |
| 3 | 2000109856 | 2000109856 | 旧书回溯/ [索取号:B844.12/11] | 在馆 | |
| 4 | 2000109857 | 2000109857 | 旧书回溯/ [索取号:B844.12/11] | 在馆 | |
| 5 | 2000109858 | 2000109858 | 旧书回溯/ [索取号:B844.12/11] | 在馆 | |
| 6 | 2000109859 | 2000109859 | 旧书回溯/ [索取号:B844.12/11] | 在馆 | |
| 7 | 2000109860 | 2000109860 | 旧书回溯/ [索取号:B844.12/11] | 在馆 |